[Event "BL 2324 (Women)"]
[Site "Germany"]
[Date "2024.06.08"]
[Round "10.5"]
[White "Juszczak, Anna"]
[Black "Atalik, Ekaterina"]
[Result "0-1"]
[WhiteElo "1966"]
[BlackElo "2394"]
[PlyCount "68"]
[EventDate "2023.10.14"]
[EventType "team-tourn"]
[EventRounds "11"]
[EventCountry "GER"]
[SourceTitle "CB25_2024"]
[SourceDate "2024.06.01"]
[SourceVersion "1"]
[SourceVersionDate "2024.06.01"]
[SourceQuality "2"]
[WhiteTeam "Karlsruhe (W)"]
[BlackTeam "Schwaebisch Hall (W)"]
[WhiteTeamCountry "GER"]
[BlackTeamCountry "GER"]

1. d4 Nf6 2. c4 g6 3. Nc3 d5 4. Bf4 Bg7 5. e3 c6 6. Nf3 0-0 7. Be2 a6 8. 0-0 b5 9. cxd5 cxd5 10. Qb3 Nc6 11. h3 Bb7 12. a3 Na5 13. Qa2 Rc8 14. Rac1 Ne4 15. Nb1 Qb6 16. b3 f6 17. Rfd1 h5 18. Nfd2 e5 19. Bh2 Nxd2 20. Rxc8 Rxc8 21. Rxd2 Rc1+ 22. Bf1 exd4 23. exd4 Nc6 24. Qb2 Re1 25. Bf4 f5 26. Be3 f4 27. Bxf4 Nxd4 28. Nc3 Qf6 29. Bg3 h4 30. Bh2 Nf3+ 31. gxf3 Qg5+ 32. Bg3 hxg3 33. Rd1 Rxd1 34. Qe2 gxf2+ 0-1

[Event "BL 1920 (Women)"]
[Site "Germany"]
[Date "2019.09.14"]
[Round "1.6"]
[White "Juszczak, Anna"]
[Black "Mkrtchian, Lilit"]
[Result "0-1"]
[WhiteElo "1976"]
[BlackElo "2408"]
[PlyCount "50"]
[EventDate "2019.09.14"]
[EventType "team-tourn"]
[EventRounds "11"]
[EventCountry "GER"]
[SourceTitle "EXT 2020"]
[Source "ChessBase"]
[SourceDate "2019.10.17"]
[SourceVersion "1"]
[SourceVersionDate "2019.10.17"]
[SourceQuality "1"]
[WhiteTeam "Karlsruhe (W)"]
[BlackTeam "Schwaebisch Hall (W)"]
[WhiteTeamCountry "GER"]
[BlackTeamCountry "GER"]

1. d4 Nf6 2. c4 e6 3. Nc3 Bb4 4. Bd2 0-0 5. e3 b6 6. Bd3 Bb7 7. Nf3 d5 8. a3 Bd6 9. 0-0 c5 10. Qe2 Nbd7 11. Rac1 a6 12. Rfd1 Ne4 13. Be1 Qe7 14. Qc2 f5 15. dxc5 bxc5 16. Qb3 Ndf6 17. h3 d4 18. exd4 Nxc3 19. Bxc3 Bxf3 20. gxf3 Nh5 21. dxc5 Bxc5 22. Bb4 Rab8 23. Bxc5 Qg5+ 24. Kf1 Rxb3 25. Bxf8 Kxf8 0-1

[Event "BL2 Gr02 0506 (Women)"]
[Site "Germany"]
[Date "2006.03.05"]
[Round "7.2"]
[White "Juszczak, Anna"]
[Black "Just, Gabriele"]
[Result "1-0"]
[WhiteElo "1961"]
[BlackElo "1863"]
[PlyCount "109"]
[EventDate "2005.10.29"]
[EventType "team-tourn"]
[EventRounds "7"]
[EventCountry "GER"]
[SourceTitle "EXT 2007"]
[Source "ChessBase"]
[SourceDate "2006.11.23"]
[SourceVersion "1"]
[SourceVersionDate "2006.11.23"]
[SourceQuality "1"]
[WhiteTeam "Karlsruhe II"]
[BlackTeam "Leipzig Lok Mitte"]
[WhiteTeamCountry "GER"]
[BlackTeamCountry "GER"]

1. d4 e6 2. c4 f5 3. g3 Bb4+ 4. Bd2 Qe7 5. Bg2 Nf6 6. Nc3 0-0 7. Nh3 d6 8. a3 Bxc3 9. Bxc3 Nbd7 10. Qc2 a5 11. Nf4 c6 12. h4 e5 13. dxe5 dxe5 14. Nh3 Nc5 15. 0-0 Nce4 16. e3 Nxc3 17. Qxc3 a4 18. Rad1 Nh5 19. Rd3 f4 20. exf4 exf4 21. Kh2 Bg4 22. Re1 Qc7 23. Ng5 Rae8 24. Rxe8 Rxe8 25. c5 h6 26. Qc4+ Kh8 27. Nf7+ Kh7 28. Be4+ g6 29. Nd6 Rf8 30. Qc2 Nf6 31. Bf3 fxg3+ 32. fxg3 Qe7 33. Kg2 h5 34. Qd2 Bxf3+ 35. Rxf3 Ng4 36. Rxf8 Qxf8 37. Nxb7 Qf5 38. Nd6 Qxc5 39. Ne4 Qe7 40. Ng5+ Kg7 41. Qd4+ Nf6 42. Kf3 Qb7 43. Ne4 Qb3+ 44. Kf4 Qb8+ 45. Kg5 Qb5+ 46. Nc5 Qf1 47. Ne6+ Kf7 48. Nd8+ Ke7 49. Nxc6+ Kf7 50. Nd8+ Ke7 51. Qe5+ Kd7 52. Qxf6 Qg2 53. Kxg6 Qxg3+ 54. Kxh5 Qg2 55. Nf7 1-0

[Event "BL2 Gr02 0506 (Women)"]
[Site "Germany"]
[Date "2006.03.04"]
[Round "6.2"]
[White "Niesch, Franziska"]
[Black "Juszczak, Anna"]
[Result "1-0"]
[WhiteElo "1835"]
[BlackElo "1961"]
[PlyCount "59"]
[EventDate "2005.10.29"]
[EventType "team-tourn"]
[EventRounds "7"]
[EventCountry "GER"]
[SourceTitle "EXT 2007"]
[Source "ChessBase"]
[SourceDate "2006.11.23"]
[SourceVersion "1"]
[SourceVersionDate "2006.11.23"]
[SourceQuality "1"]
[WhiteTeam "Leipzig Lindenau"]
[BlackTeam "Karlsruhe II"]
[WhiteTeamCountry "GER"]
[BlackTeamCountry "GER"]

1. d4 d5 2. c4 e6 3. Nc3 Nf6 4. a3 Be7 5. Nf3 0-0 6. Bg5 Nbd7 7. e3 h6 8. Bxf6 Nxf6 9. c5 c6 10. b4 b6 11. Bd3 bxc5 12. dxc5 e5 13. Nxe5 Qc7 14. f4 Rd8 15. Ne2 Ng4 16. Nxg4 Bxg4 17. 0-0 a5 18. Qc2 Bxe2 19. Qxe2 Bf6 20. Rab1 axb4 21. axb4 Ra3 22. Bc2 Re8 23. Rb3 Rxb3 24. Bxb3 Bc3 25. b5 Qe7 26. bxc6 Qxc5 27. Kh1 d4 28. Qa2 Rxe3 29. Bxf7+ Kh7 30. Qa8 1-0

[Event "POL-chT 58th 2nd League"]
[Site "Wisla"]
[Date "2002.??.??"]
[Round "?"]
[White "Kempa, Sabina"]
[Black "Juszczak, Anna"]
[Result "1/2-1/2"]
[WhiteElo "2024"]
[BlackElo "2025"]
[PlyCount "40"]
[EventDate "2002.08.30"]
[EventType "team-swiss"]
[EventRounds "11"]
[EventCountry "POL"]
[SourceTitle "EXT 2019"]
[Source "ChessBase"]
[SourceDate "2018.10.10"]
[SourceVersion "1"]
[SourceVersionDate "2018.10.10"]
[SourceQuality "1"]

1. e4 e6 2. d4 d5 3. e5 c5 4. c3 Nc6 5. Nf3 cxd4 6. cxd4 Bd7 7. Be2 Bb4+ 8. Bd2 Qb6 9. a3 Be7 10. Bc3 f6 11. 0-0 fxe5 12. Nxe5 Nxe5 13. dxe5 Nh6 14. Nd2 0-0 15. Nc4 Qc7 16. Ne3 Nf7 17. Rc1 Bc6 18. Qd4 Qd7 19. Rfe1 Bb5 20. Nxd5 Bg5 1/2-1/2

[Event "POL-ch U18 Girls"]
[Site "Bartkowa"]
[Date "2002.??.??"]
[Round "?"]
[White "Worek, Joanna"]
[Black "Juszczak, Anna"]
[Result "1-0"]
[WhiteElo "2224"]
[BlackElo "2025"]
[PlyCount "69"]
[EventDate "2002.01.??"]
[EventType "swiss"]
[EventRounds "10"]
[EventCountry "POL"]
[SourceTitle "EXT 2005"]
[Source "ChessBase"]
[SourceDate "2004.11.15"]
[SourceVersion "1"]
[SourceVersionDate "2004.11.15"]
[SourceQuality "1"]

1. d4 d5 2. c4 e6 3. Nc3 Nf6 4. Nf3 Be7 5. Bg5 Nbd7 6. Qc2 0-0 7. cxd5 exd5 8. e3 c6 9. Bd3 g6 10. 0-0 Nh5 11. Bxe7 Qxe7 12. Rab1 Nb6 13. b4 a6 14. a4 Ng7 15. a5 Nd7 16. Na4 Rb8 17. Nc5 Qd6 18. Nxd7 Bxd7 19. Qc5 Qf6 20. Ne5 Bf5 21. Bxf5 Qxf5 22. Rb3 f6 23. Nd3 Rfe8 24. Qc3 Re4 25. Nc5 Rh4 26. f3 Qh5 27. h3 Nf5 28. e4 Ng3 29. Re1 Re8 30. e5 fxe5 31. dxe5 Qg5 32. f4 Rxf4 33. Qxg3 Rxe5 34. Qxg5 Rxg5 35. Ne6 1-0

[Event "POL-ch U18 Girls"]
[Site "Zakopane"]
[Date "2001.01.24"]
[Round "9"]
[White "Juszczak, Anna"]
[Black "Szymanska, Maria"]
[Result "0-1"]
[WhiteElo "2025"]
[BlackElo "2059"]
[PlyCount "70"]
[EventDate "2001.01.16"]
[EventType "swiss"]
[EventRounds "11"]
[EventCountry "POL"]
[SourceTitle "EXT 2002"]
[Source "ChessBase"]
[SourceDate "2001.11.25"]
[SourceVersion "1"]
[SourceVersionDate "2001.11.25"]
[SourceQuality "1"]

1. d4 e6 2. c4 Nf6 3. Nc3 Bb4 4. e3 c5 5. d5 Bxc3+ 6. bxc3 Qa5 7. Qd3 exd5 8. cxd5 Nxd5 9. Bd2 Nf6 10. Qd6 Nc6 11. Bd3 Ne7 12. Nf3 Qb6 13. Qe5 d6 14. Qg5 Ng6 15. e4 0-0 16. 0-0 Be6 17. h3 Rad8 18. c4 Nd7 19. Rfc1 Nde5 20. Bf1 Qa6 21. Qg3 f5 22. exf5 Bxf5 23. Nh4 Nxh4 24. Qxh4 Bd3 25. Rc3 Bxf1 26. Kxf1 d5 27. Kg1 dxc4 28. Bg5 Rc8 29. Be7 Rfe8 30. Rg3 Qe6 31. Bf6 Rc7 32. Qh6 Ree7 33. Qg5 g6 34. Bxe7 Rxe7 35. Rd1 Qd5 0-1

[Event "POL-ch U16 Girls"]
[Site "Wisla"]
[Date "2000.??.??"]
[Round "8"]
[White "Bejma, Anna"]
[Black "Juszczak, Anna"]
[Result "0-1"]
[WhiteElo "1600"]
[BlackElo "2025"]
[PlyCount "58"]
[EventDate "2000.02.26"]
[EventType "swiss"]
[EventRounds "11"]
[EventCountry "POL"]
[SourceTitle "EXT 2005"]
[Source "ChessBase"]
[SourceDate "2004.11.15"]
[SourceVersion "1"]
[SourceVersionDate "2004.11.15"]
[SourceQuality "1"]

1. e4 e6 2. d4 d5 3. exd5 exd5 4. Nf3 Bd6 5. Bd3 Ne7 6. c3 Bf5 7. Bg5 f6 8. Be3 0-0 9. Qc2 Qd7 10. Nh4 Bxd3 11. Qxd3 Qg4 12. g3 Nd7 13. h3 Qe6 14. Nd2 c5 15. dxc5 Nxc5 16. Qe2 Qd7 17. b3 Rfe8 18. 0-0-0 Rac8 19. Rde1 Nc6 20. Qf1 d4 21. cxd4 Nd3+ 22. Kb1 Nxe1 23. Qxe1 b5 24. Qd1 Ba3 25. Ndf3 g5 26. Bxg5 fxg5 27. Nxg5 Qxd4 28. Qc2 Qg7 29. Qd2 Rcd8 0-1